| 000 | 00342nam a2200121 a 4500 | ||
|---|---|---|---|
| 001 | 000040234 | ||
| 005 | 20201002034012.0 | ||
| 008 | 130819s1970 be 000 0 spa d | ||
| 040 |
_aDO-SdBNP _bspa _cBNPHU |
||
| 245 | 0 | 0 | _aIntroducción a la cultura africana en América Latina. |
| 260 |
_aParís : _bUNESCO, _c1970. |
||
| 300 |
_a180 p. ; _c21 cm. |
||
| 999 |
_c39724 _d39724 |
||